| 000 | 00359nam a2200133Ia 4500 | ||
|---|---|---|---|
| 008 | 230907s9999||||xx |||||||||||||| ||und|| | ||
| 082 |
_a370.72 _bMER |
||
| 100 |
_aMerriam, Sharan B. _9115669 |
||
| 245 | 0 | _aQualitative research : | |
| 260 |
_aJossey-Bass, _bSan Francisco : _c2009 |
||
| 300 | _axvi, 304 p. : | ||
| 650 |
_aCase studies. _9115670 |
||
| 942 | _cBK | ||
| 999 |
_c599099 _d599099 |
||